Arqueologia preventiva en el Eje Cafetero (Record no. 5585)

MARC details
000 -LEADER
campo de control de longitud fija 01247cac a2200253 a 4500
003 - IDENTIFICADOR DE NÚMERO DE CONTROL
campo de control CO-PeBPM
005 - FECHA Y HORA DE LA ÚLTIMA TRANSACCIÓN
campo de control 20250606100614.0
008 - DATOS DE LONGITUD FIJA--INFORMACIÓN GENERAL
campo de control de longitud fija 231129s2001||||ck ab|||||||||||| ||spa||
020 ## - NÚMERO INTERNACIONAL ESTÁNDAR DEL LIBRO
Número Internacional Estándar del Libro 9588181038
040 ## - FUENTE DE CATALOGACIÓN
Centro catalogador/agencia de origen CO-PeBPM
Lengua de catalogación spa
Centro/agencia transcriptor CO-PeBPM
Normas de descripción rda
041 ## - CÓDIGO DE IDIOMA
Código de lengua del texto/banda sonora o título independiente spa
082 04 - NÚMERO DE LA CLASIFICACIÓN DECIMAL DEWEY
Número de clasificación 930.19861 A772a
Número de edición 22
245 10 - MENCIÓN DEL TÍTULO
Título Arqueologia preventiva en el Eje Cafetero
Resto del título : Reconocimiento y rescate arqueológico en los municipios jurisdicción del Fondo para la Reconstrucción del Eje Cafetero, FOREC.
Mención de responsabilidad, etc. / Editores Víctor González Fernández, Carlos Andrés Barragán
260 ## - PUBLICACIÓN, DISTRIBUCIÓN, ETC.
Lugar de publicación, distribución, etc. Bogotá, Colombia
Nombre del editor, distribuidor, etc. : Instituto Colombiano de Antropología e Historia ICANH
Fecha de publicación, distribución, etc. , 2001
300 ## - DESCRIPCIÓN FÍSICA
Extensión 209 páginas
Otras características físicas ilustraciones, figuras, mapas en blanco y negro
Dimensiones 27,5 centímetros
490 ## - MENCIÓN DE SERIE
Mención de serie Colección FOREC. Serie: Ordenamiento territorial y reconstrucción del Eje Cafetero
Designación de volumen o secuencia XI
500 ## - NOTA GENERAL
Nota general Incluye índice
504 ## - NOTA DE BIBLIOGRAFÍA, ETC.
Nota de bibliografía, etc. Incluye bibliografía al final de cada capítulo
650 14 - PUNTO DE ACCESO ADICIONAL DE MATERIA--TÉRMINO DE MATERIA
Término de materia o nombre geográfico como elemento de entrada Arqueología - Zona Cafetera (Colombia)
Fuente del encabezamiento o término LEMB
650 14 - PUNTO DE ACCESO ADICIONAL DE MATERIA--TÉRMINO DE MATERIA
Término de materia o nombre geográfico como elemento de entrada Patrimonio arquitectónico - Zona Cafetera (Colombia)
Fuente del encabezamiento o término LEMB
700 14 - ENTRADA AGREGADA--NOMBRE PERSONAL
Nombre de persona González Fernández, Víctor
Término indicativo de función/relación editor
700 14 - ENTRADA AGREGADA--NOMBRE PERSONAL
Nombre de persona Barragán, Carlos Andrés
Término indicativo de función/relación editor
942 ## - ELEMENTOS DE ENTRADA SECUNDARIOS (KOHA)
Fuente del sistema de clasificación o colocación Clasificación Decimal Dewey
Tipo de ítem Koha Libros
Holdings
Estatus retirado Estado de pérdida Fuente del sistema de clasificación o colocación Estado de daño No para préstamo Colección Biblioteca de origen Biblioteca actual Ubicación en estantería Fecha de adquisición Fuente de adquisición Total de préstamos Signatura topográfica completa Código de barras Visto por última vez Copia número Precio de reemplazo Tipo de ítem Koha
    Clasificación Decimal Dewey     General BIBLIOTECA PÚBLICA MUNICIPAL RAMON CORREA MEJIA BIBLIOTECA PÚBLICA MUNICIPAL RAMON CORREA MEJIA Colección general 09/07/2009 Donación Biblioteca Nacional   930.19861 A772a 26415 29/11/2023 Ej. 1 29/11/2023 Libros
    Clasificación Decimal Dewey     General BIBLIOTECA PÚBLICA MUNICIPAL RAMON CORREA MEJIA BIBLIOTECA PÚBLICA MUNICIPAL RAMON CORREA MEJIA Colección general 09/07/2009 Donación Biblioteca Nacional   930.19861 A772 26436 29/11/2023 Ej. 2 29/11/2023 Libros
    Clasificación Decimal Dewey     General BIBLIOTECA PÚBLICA MUNICIPAL RAMON CORREA MEJIA BIBLIOTECA PÚBLICA MUNICIPAL RAMON CORREA MEJIA Colección general 06/06/2010 Donación Biblioteca Nacional   930.19861 A772a 61731 06/06/2025 Ej. 3 06/06/2025 Libros

Powered by Koha